Lackov zošit : pracovný zošit zameraný na vyvodenie, fixáciu a automatizáciu hlásky L /
Uložené v:
| Hlavní autori: | , , |
|---|---|
| Ďalší autori: | |
| Médium: | Kniha |
| Jazyk: | Slovak |
| Vydané: |
Bratislava :
Štátny pedagogický ústav,
2004
|
| Vydanie: | Vyd. 1. |
| Témy: | |
| ISBN: |
808575682X (brož.) |
| Fyzický popis: |
65 s. : il. ; 29 cm |
| Tagy: |
Pridať tag
Žiadne tagy, Buďte prvý kto otaguje tento záznam!
|
Titul je dostupný aj v ... 

MARC
| LEADER | 00000nam a2200000 a 4500 | ||
|---|---|---|---|
| 001 | 000015313 | ||
| 005 | 20051110105819.0 | ||
| 008 | 050928s2004 xo a e b 000 0 sloo | ||
| 020 | |a 808575682X (brož.) | ||
| 040 | |a SVKKK |b slo |c SVKKK |e AACR2 | ||
| 041 | 0 | |a slo | |
| 044 | |a xo |c SK | ||
| 072 | 7 | |a 376 |x Výchova a vzdelávanie zvláštnych skupín osôb |2 konspekt | |
| 072 | 7 | |a 811.162.4 |x Slovenčina |2 konspekt | |
| 080 | |a 616.89-008.434 |2 1997 | ||
| 080 | |a 811.162.4 |2 1997 | ||
| 080 | |a 376 |2 1997 | ||
| 080 | |a (075.2) |2 1997 | ||
| 080 | |a (076.1) |2 1997 | ||
| 080 | |a (072) |2 1997 | ||
| 100 | 1 | |a Stískalová, Katarína |4 aut | |
| 245 | 1 | 0 | |a Lackov zošit : |b pracovný zošit zameraný na vyvodenie, fixáciu a automatizáciu hlásky L / |c [autori: Katarína Stískalová, Lenka Mihalíková, Viera Krajčíková] ; [ilustrátor: Peter Kováč] |
| 250 | |a Vyd. 1. | ||
| 260 | |a Bratislava : |b Štátny pedagogický ústav, |c 2004 | ||
| 300 | |a 65 s. : |b il. ; |c 29 cm | ||
| 366 | |e 1000 výtl. | ||
| 500 | |a Obalový názov | ||
| 500 | |a Údaj o aut. a ilustr. prevzatý z rubu obalu | ||
| 504 | |a Bibliografia s. 65 | ||
| 650 | 0 | 7 | |a poruchy reči |2 SVKKKPH |
| 650 | 0 | 7 | |a slovenčina |2 SVKKKPH |
| 655 | 7 | |a učebnice špeciálnych základných škôl |2 SVKKKPH | |
| 655 | 7 | |a pracovné zošity |2 SVKKKPH | |
| 655 | 7 | |a metodické príručky |2 SVKKKPH | |
| 655 | 7 | |a učebnice |2 SVKKKPH | |
| 655 | 7 | |a príručky |2 SVKKKPH | |
| 700 | 1 | |a Mihalíková, Lenka |4 aut | |
| 700 | 1 | |a Krajčíková, Viera |4 aut | |
| 700 | 1 | |a Kováč, Peter |4 ill | |
| 919 | |a 80-85756-82-X | ||
| 998 | |a BK | ||
| 090 | |g SCKHL |k Sklad Hlavná 10 prízemie |a V.213593 |j 971536 |i 2720025882 |s Absenčne | ||